| 000 | 00726nam a22002537a 4500 | ||
|---|---|---|---|
| 005 | 20251108164027.0 | ||
| 008 | 250721s1987 xx 000 0 ara d | ||
| 082 | 1 | 4 | _aم/915.6/امي |
| 100 | 1 | _aالريحاني، أمين | |
| 245 | 1 | 0 | _aالقوميات في جزئين / |
| 250 | _aط7. | ||
| 264 | 1 |
_aبيروت : _bدار الجيل، _c1987. |
|
| 300 | _a384ص | ||
| 650 | 1 | 7 | _aالقومية |
| 650 | 1 | 7 | _aالقوميون |
| 650 | 1 | 7 | _aالقومية العربية |
| 650 | 1 | 7 | _aالأحزاب القومية |
| 650 | 1 | 7 | _aالتعصب السياسي |
| 650 | 1 | 7 | _aالخصائص الوطنية |
| 650 | 1 | 7 | _aمذهب الدولية |
| 650 | 1 | 7 | _aالوطنية |
| 942 |
_2ddc _cREF |
||
| 999 |
_c1773 _d1773 |
||